000 00295nam a2200121Ia 4500
008 240731s9999 xx 000 0 und d
022 _a1555-5860
245 0 _aDemocracy and Security
260 _bRoutledge
856 _uhttps://www.tandfonline.com/loi/fdas20
942 _2ddc
942 _cTFEJ
999 _c76230
_d76230
945 _a1
_bMadushi Gamage
_c1
_dMadushi Gamage